কৃষণ চন্দরঃ নির্বাচিত গল্প / (Record no. 3322)
[ view plain ]
| 000 -LEADER | |
|---|---|
| fixed length control field | 00844nam a22002297a 4500 |
| 001 - CONTROL NUMBER | |
| JCCL Control Number | 3322 |
| 003 - CONTROL NUMBER IDENTIFIER | |
| JCCL marc code | BD-JhCC |
| 005 - DATE AND TIME OF LATEST TRANSACTION | |
| control field | 20171112191404.0 |
| 008 - FIXED-LENGTH DATA ELEMENTS--GENERAL INFORMATION | |
| fixed length control field | 171112s1986 bg |||| |||| 000 0 ben d |
| 035 ## - SYSTEM CONTROL NUMBER | |
| system control number | (BD-JhCC)3322 |
| 040 ## - CATALOGING SOURCE | |
| Original cataloging agency | BD-JhCC |
| Modifying agency | BD-JhCC |
| 041 ## - LANGUAGE CODE | |
| Language code of Book | ben |
| 082 ## - DEWEY DECIMAL CLASSIFICATION NUMBER | |
| Classification number | 891.4435 |
| Author mark and Year | CHA 1986 |
| 100 ## - MAIN ENTRY--PERSONAL NAME | |
| Personal name | চন্দর, কৃষণ |
| 245 ## - TITLE STATEMENT | |
| Title | কৃষণ চন্দরঃ নির্বাচিত গল্প / |
| Statement of responsibility, etc | কৃষণ চন্দর অনুবাদ এ বি এম কামাল উদ্দিন শামীম |
| 260 ## - PUBLICATION, DISTRIBUTION, ETC. (IMPRINT) | |
| Place of publication, distribution, etc | ঢাকা : |
| Name of publisher, distributor, etc | মুক্তধারা , |
| Date of publication, distribution, etc | ১৯৮৬. |
| 300 ## - PHYSICAL DESCRIPTION | |
| Pagination | ১৩০ পৃ. : |
| Dimensions | ২২ সেমি. |
| 650 ## - SUBJECT ADDED ENTRY--TOPICAL TERM | |
| Topical term or geographic name as entry element | Short Stories |
| 700 ## - ADDED ENTRY--PERSONAL NAME | |
| Personal name | শামীম, এ বি এম কামাল উদ্দিন |
| 942 ## - ADDED ENTRY ELEMENTS (KOHA) | |
| Source of classification or shelving scheme | Dewey Decimal Classification |
| Koha item type | Books |
| Source of classification or shelving scheme | volume number | Damaged status | Not for loan | Home library | Current library | Shelving location | Date of accession | Cost, normal purchase price | Total Checkouts | Full call number | Barcode | Date last seen | Date checked out | Copy number | Koha item type |
|---|---|---|---|---|---|---|---|---|---|---|---|---|---|---|---|
| Dewey Decimal Classification | V-2 | JCC Rouf Library | JCC Rouf Library | General Stacks | 11/12/2017 | 24.00 | 1 | 891.4435 CHA 1986 | 4269 | 12/12/2024 | 12/12/2024 | C-1 | Books |